| 000 | 00619nam a2200193 i 4500 | ||
|---|---|---|---|
| 001 | 185083 | ||
| 003 | ES-MaACL | ||
| 005 | 20250903084343.0 | ||
| 008 | 160318s1969 sp c |||| | spa d | ||
| 110 | 2 |
_aEditorial Seix y Barral. _9169793 |
|
| 245 | 1 | 0 |
_aCatálogo general _b: primavera 1969. |
| 260 |
_aBarcelona : _bSeix Barral, _c1969. |
||
| 300 |
_a198 p. ; _c20 cm. |
||
| 610 | 0 | 4 |
_aEditorial Seix y Barral- _vCatálogos. _9169792 |
| 650 | 7 |
_aCatálogos de editores- _yS.XX _2 _9169795 |
|
| 650 | 7 |
_aCatálogos de editores- _zEspaña _2 _9169794 |
|
| 852 |
_aES-MaACL _jC-36820 |
||
| 999 |
_c185083 _d185083 |
||